Focus (Record no. 84208)
[ view plain ]
| 000 -LEADER | |
|---|---|
| fixed length control field | 01312cab a22002535a 4500 |
| 001 - CONTROL NUMBER | |
| control field | L156946 |
| 008 - FIXED-LENGTH DATA ELEMENTS--GENERAL INFORMATION | |
| fixed length control field | 120731e20120728xxk 000 0 eng d |
| 035 ## - SYSTEM CONTROL NUMBER | |
| System control number | (Sirsi) u156946 |
| 041 0# - LANGUAGE CODE | |
| Language code of text/sound track or separate title | eng |
| 100 1# - MAIN ENTRY--PERSONAL NAME | |
| Personal name | Quinn, David |
| 245 00 - TITLE STATEMENT | |
| Title | Focus |
| Remainder of title | Rural |
| 260 ## - PUBLICATION, DISTRIBUTION, ETC. | |
| Date of publication, distribution, etc. | 2012 |
| 490 ## - SERIES STATEMENT | |
| Series statement | Estates Gazette |
| Volume/sequential designation | (1230) 28 July 2012, 53-65(11) |
| 520 ## - SUMMARY, ETC. | |
| Summary, etc. | Reviews the recommendations of the Independent Panel on Forestry on the future of forestry management in England. Lists who owns woods and forests in England by types of ownership and statistical data on number of wooded land in England and the percentage of land in England covered by forests and percentage of ancient woodland. UK Farmland prices in the UK continue to rise due to supply and demand. Map shows supply and values on a regional basis. Assesses the impact of the National Planning Policy Framework (NPPF) and Localism Act 2011 on rural planning policy. Concludes with succession tenancies and identifies key legislation relating to tenant farms |
| 590 ## - LOCAL NOTE (RLIN) | |
| Local note | KA |
| 650 24 - SUBJECT ADDED ENTRY--TOPICAL TERM | |
| Topical term or geographic name entry element | AGRICULTURAL HOLDINGS ACT 1948 |
| 650 24 - SUBJECT ADDED ENTRY--TOPICAL TERM | |
| Topical term or geographic name entry element | AGRICULTURAL MISCELLANEOUS PROVISIONS ACT 1976 |
| 650 24 - SUBJECT ADDED ENTRY--TOPICAL TERM | |
| Topical term or geographic name entry element | AGRICULTURAL TENANCIES ACT 1995 |
| 690 ## - LOCAL SUBJECT ADDED ENTRY--TOPICAL TERM (OCLC, RLIN) | |
| Topical term or geographic name as entry element | Rural |
| 9 (RLIN) | 6268 |
| 690 ## - LOCAL SUBJECT ADDED ENTRY--TOPICAL TERM (OCLC, RLIN) | |
| Topical term or geographic name as entry element | Land use |
| 9 (RLIN) | 6251 |
| 700 1# - ADDED ENTRY--PERSONAL NAME | |
| Personal name | Thame, David |
| 700 1# - ADDED ENTRY--PERSONAL NAME | |
| Personal name | Harris, David |
| 942 ## - ADDED ENTRY ELEMENTS (KOHA) | |
| Suppress in OPAC | 0 |
| Withdrawn status | Lost status | Source of classification or shelving scheme | Damaged status | Not for loan | Home library | Current library | Shelving location | Date acquired | Total Checkouts | Full call number | Barcode | Date last seen | Copy number | Price effective from | Koha item type |
|---|---|---|---|---|---|---|---|---|---|---|---|---|---|---|---|
| Dewey Decimal Classification | London | London | Journal article | 31/07/2012 | L156946 | 156946-1001 | 06/08/2019 | 1 | 06/08/2019 | Journal article |